00324nam a2200109Ia 4500008004100000020001400041040004400055100002100099245005100120260003100171300001200202180412s9999||||xx |||||||||||||| ||und|| a839111681 aAhmadu Bello University Library - Zaria aSackett, Gene P. 0aObserving behaviorcedited by Gene P. Sackett aBaltimorebPark U.P.c1978 a2 vols.